Name the Country (Map Version) - Statistics

General Stats
  • This quiz has been taken 48 times
  • The average score is 13 of 16
Answers on the Map
Answers color-coded by a green-red scale on the quiz's map according to % correct below.
 
Answer Stats
Hint Answer % Correct
Rio de Janeiro Brazil
100%
Most Populous Country China
100%
Pyramids of Giza Egypt
100%
Eifell Tower France
100%
Taj Mahal India
100%
Biggest Country by area Russia
100%
Pope Vatican
98%
Machu Picchu Peru
95%
Boot Country Italy
91%
Lagos Nigeria
86%
Castro Cuba
84%
Suharto/Sukarno Indonesia
77%
Highest Shia population Iran
66%
Ferdinand Marcos Philippines
55%
Biggest Earthquake Chile
50%
African Union Ethiopia
43%
No matching quizzes found
Score Distribution
Percent of People with Each Score
Percentile by Number Answered
Your Score History
You have not taken this quiz